000 00551nam a2200181Ia 4500
008 210719s1997 xx 000 0 und d
041 _aeng
082 _a576 KELT
100 _aKELMANI (Chandrakanth)
245 _aText book of microbiology for II Bsc with practical manual
260 _aMangalore
_bUnited Publishers
_c1997
300 _a235
_bPB
365 _b120
_cRs
650 _aMicrobiology
650 _aMicrobiology
700 _aSULLIA (S B)
906 _abook ; Bsc: ; for ; II ; manual ; microbiology: ; of ; practical ; Text ; with
999 _c214516
_d214516